[Event "CAN-chT University"]
[Site "Montreal"]
[Date "2013.01.12"]
[Round "2"]
[White "Khayutin, Constantine"]
[Black "Prysiazny, Michael"]
[Result "1/2-1/2"]
[WhiteElo "1956"]
[BlackElo "1985"]
[PlyCount "112"]
[EventDate "2013.01.12"]
[EventType "swiss"]
[EventRounds "5"]
[EventCountry "CAN"]
[SourceTitle "EXT 2014"]
[Source "ChessBase"]
[SourceDate "2013.11.20"]
[SourceVersion "1"]
[SourceVersionDate "2013.11.20"]
[SourceQuality "1"]

1. d4 Nf6 2. Nf3 g6 3. g3 Bg7 4. Bg2 d6 5. 0-0 c6 6. c4 Be6 7. Qb3 b5 8. Nbd2 Qb6 9. Ng5 Bxc4 10. Nxc4 bxc4 11. Qxc4 d5 12. Qd3 Na6 13. a3 Nc7 14. Bf4 Nd7 15. e4 h6 16. Nh3 dxe4 17. Bxe4 Nd5 18. Be3 N7f6 19. Bg2 g5 20. b4 Ng4 21. b5 0-0 22. Rfc1 Ngxe3 23. Rxc6 Qxd4 24. Qxd4 Bxd4 25. fxe3 Nxe3 26. Rac1 Nxg2+ 27. Kxg2 Bb2 28. R1c4 Bxa3 29. Rxh6 f6 30. Nf2 Kg7 31. Ng4 f5 32. Ra6 Bd6 33. Ne3 Kf6 34. Nd5+ Ke5 35. Nc7 Rac8 36. Rxa7 e6 37. b6 Rb8 38. Rc6 Bxc7 39. Raxc7 Kd5 40. h4 gxh4 41. gxh4 Rg8+ 42. Kf3 Ra8 43. Rc5+ Kd6 44. R7c6+ Ke7 45. Rc3 Ra4 46. b7 Rb8 47. Rc7+ Kf6 48. h5 Rb4 49. h6 R4xb7 50. h7 Rxc7 51. Rxc7 Rh8 52. Kf4 e5+ 53. Kf3 Kg5 54. Rg7+ Kh6 55. Rf7 e4+ 56. Kf4 Rxh7 1/2-1/2

[Event "CAN-ch U16"]
[Site "Victoria"]
[Date "2009.07.22"]
[Round "3"]
[White "Szalay, Karoly"]
[Black "Prysiazny, Michael"]
[Result "1-0"]
[WhiteElo "2273"]
[BlackElo "2007"]
[PlyCount "89"]
[EventDate "2009.07.21"]
[EventType "swiss"]
[EventRounds "7"]
[EventCountry "CAN"]
[SourceTitle "EXT 2011"]
[Source "ChessBase"]
[SourceDate "2010.11.26"]
[SourceVersion "1"]
[SourceVersionDate "2010.11.26"]
[SourceQuality "1"]

1. e4 e5 2. Nf3 Nc6 3. Bb5 a6 4. Ba4 Nf6 5. 0-0 Be7 6. Re1 b5 7. Bb3 0-0 8. a4 Bb7 9. d3 d6 10. Nbd2 Na5 11. Ba2 c5 12. c3 Nd7 13. Nf1 Nb6 14. b4 cxb4 15. cxb4 Nc6 16. a5 Nd7 17. Bd5 Rc8 18. Qb3 Nf6 19. Ne3 Qd7 20. Bb2 Nd8 21. Rac1 Nxd5 22. Nxd5 Qe6 23. Rxc8 Bxd5 24. Qxd5 Qxc8 25. Rc1 Qe6 26. Rc7 Bf6 27. Ne1 Qg4 28. Kf1 Ne6 29. Rc2 Nf4 30. Qxd6 Qh5 31. h3 Rd8 32. Qxa6 Nxh3 33. gxh3 Qxh3+ 34. Ke2 Qg4+ 35. Nf3 Rxd3 36. Qc8+ Qxc8 37. Rxc8+ Rd8 38. Rxd8+ Bxd8 39. Bxe5 f6 40. Bd4 Bc7 41. a6 Bb8 42. a7 Bxa7 43. Bxa7 Kf7 44. Nd4 h5 45. Nxb5 1-0

[Event "Kitchener Oktoberfest U2000"]
[Site "Kitchener"]
[Date "2008.10.19"]
[Round "4"]
[White "Ferreira, Alex"]
[Black "Prysiazny, Michael"]
[Result "1/2-1/2"]
[WhiteElo "1937"]
[BlackElo "1821"]
[PlyCount "54"]
[EventDate "2008.10.17"]
[EventType "swiss"]
[EventRounds "5"]
[EventCountry "CAN"]
[SourceTitle "EXT 2011"]
[Source "ChessBase"]
[SourceDate "2010.11.26"]
[SourceVersion "1"]
[SourceVersionDate "2010.11.26"]
[SourceQuality "1"]

1. Nc3 Nf6 2. e4 d6 3. d4 g6 4. e5 dxe5 5. dxe5 Qxd1+ 6. Nxd1 Nd5 7. Ne3 Be6 8. Nf3 Bg7 9. Bd3 Nd7 10. Ng5 Nxe5 11. Bb5+ c6 12. Nxe6 fxe6 13. Be2 Nf4 14. Bd2 Nxe2 15. Kxe2 Nf7 16. Rhe1 Nd6 17. c3 0-0 18. f3 Rad8 19. Kd1 Bh6 20. Kc2 Nf5 21. Nc4 Bxd2 22. Nxd2 Ng7 23. Ne4 Rf5 24. c4 b6 25. Rad1 Rff8 26. Ng5 Rd6 27. Ne4 Rdd8 1/2-1/2

[Event "CAN-ch U20"]
[Site "Toronto"]
[Date "2008.05.14"]
[Round "9"]
[White "Sundar, Avinash"]
[Black "Prysiazny, Michael"]
[Result "1-0"]
[WhiteElo "2194"]
[BlackElo "1722"]
[PlyCount "49"]
[EventDate "2008.05.09"]
[EventType "swiss"]
[EventRounds "9"]
[EventCountry "CAN"]
[SourceTitle "EXT 2011"]
[Source "ChessBase"]
[SourceDate "2010.11.26"]
[SourceVersion "1"]
[SourceVersionDate "2010.11.26"]
[SourceQuality "1"]

1. c4 Nf6 2. g3 g6 3. Bg2 Bg7 4. Nf3 d6 5. 0-0 0-0 6. Nc3 Nc6 7. Rb1 e5 8. d3 a5 9. a3 h6 10. b4 axb4 11. axb4 Be6 12. Nd2 Qc8 13. b5 Ne7 14. Qb3 Bh3 15. Nd5 Nexd5 16. cxd5 Bxg2 17. Kxg2 Nd7 18. Ba3 b6 19. e4 f5 20. Rfc1 f4 21. Bxd6 Nc5 22. Bxc5 bxc5 23. f3 Rf7 24. Rxc5 Bf8 25. Rc6 1-0

[Event "CAN-ch U12"]
[Site "Kitchener"]
[Date "2006.07.12"]
[Round "6"]
[White "Parker, Dylan"]
[Black "Prysiazny, Michael"]
[Result "1-0"]
[WhiteElo "1351"]
[BlackElo "1215"]
[PlyCount "51"]
[EventDate "2006.07.10"]
[EventType "swiss"]
[EventRounds "7"]
[EventCountry "CAN"]
[SourceTitle "CBM 113 Extra"]
[Source "ChessBase"]
[SourceDate "2006.09.14"]
[SourceVersion "1"]
[SourceVersionDate "2006.09.14"]
[SourceQuality "1"]

1. e4 e5 2. Nf3 Nc6 3. Nc3 Nf6 4. Bb5 d6 5. d4 exd4 6. Nxd4 Bd7 7. Nxc6 bxc6 8. Ba4 Be7 9. 0-0 0-0 10. Bg5 h6 11. Bh4 Nxe4 12. Bxe7 Qxe7 13. Qe2 Rae8 14. Rfe1 d5 15. f3 Qc5+ 16. Qe3 d4 17. Nxe4 Rxe4 18. Qxe4 d3+ 19. Qe3 Qxe3+ 20. Rxe3 dxc2 21. Bxc2 Rb8 22. Rae1 g6 23. b3 Kg7 24. Re7 Be6 25. R1xe6 Rf8 26. Rxg6+ 1-0